Movie Titles in Swedish Quiz - Statistics

General Stats
  • This quiz has been taken 28 times
  • The average score is 14 of 24
Answer Stats
Year Swedish English % Correct
2007 Spindelmannen 3 Spider-man 3
100%
1993 Juraparken Jurassic Park
78%
1997 Män i Svart Men in Black
74%
1994 Lejonkungen The Lion King
70%
2000 Grinchen – julen är stulen How the Grinch Stole Christmas
65%
2006 Natt på museet Night at the Museum
65%
2010 Shrek Förevigt Efter Shrek Forever After
65%
2011 Snabb Fem Fast Five
61%
1990 Ensam hemma Home alone
61%
2008 Järnmannen Iron man
61%
2001 Sagan om ringen: Härskarringen The Lord of the Rings: The Fellowship of the Ring
61%
2005 Kalle och chokladfabriken Charlie and the chocolate factory
57%
1989 Regnmannen Rain man
57%
1998 Rädda menige Ryan Saving Private Ryan
57%
2004 Dagen efter imorgon Day after tomorrow
52%
1995 Läderlappen Förevigt Batman Forever
48%
1991 Skönheten och Odjuret The Beauty and the Beast
48%
2012 Hobbiten: En oväntad resa The Hobbit: An Unexpected Journey
48%
1999 Slagsmålsklubben Fight Club
43%
2003 Bruce den allsmäktige Bruce almighty
39%
2002 Istiden Ice Age
39%
1996 Självständighetsdagen Independence Day
39%
2009 Baksmällan The Hangover
39%
1992 Dödligt Vapen 3 Lethal Weapon 3
26%
No matching quizzes found
Score Distribution
Percent of People with Each Score
Percentile by Number Answered
Your Score History
You have not taken this quiz